| 000 | 00703nam a2200205 i 4500 | ||
|---|---|---|---|
| 001 | bg | ||
| 245 | 0 | 0 |
_aWybrane zagadnienia z anatomii : _bdla studentów I roku wychowania fizycznego Politechniki Opolskiej (cz. / _cpod red. Wiesława Kurleja _n2). |
| 260 |
_aOpole : _bOficyna Wydawnicza Politechniki Opolskiej, _c2005. |
||
| 300 |
_a43 s. ; _c24 cm. |
||
| 490 | 1 |
_aSkrypt / Politechnika Opolska, _x1427-9932 ; _vnr 273 |
|
| 650 | 9 | _aAnatomia | |
| 655 | _aPodręczniki akademickie | ||
| 700 | 1 |
_aKURLEJ, Wiesław. _eRed. |
|
| 830 | 0 |
_aSkrypt (Politechnika Opolska) ; _vnr 273 |
|
| 040 | _cBPK | ||
| 041 | 0 | _apol | |
| 080 | _a611(075.8) | ||
| 942 | _cKS | ||
| 008 | s pl f |000 0 pol | ||
| 999 |
_c51745 _d51745 |
||
| 856 |
_uhttp://koha.tu.koszalin.pl/cgi-bin/koha/opac-detail.pl?biblionumber=51745 _yKatalog online BPK |
||